000
00299nam a22001337a 4500
008
170220b xxu||||| |||| 00| 0 eng d
020
_a
9780077290504
041
_a
eng
080
_a
615
100
_a
5
101
_a
SHF
245
_a
MATH FOR THE PHARMACY TECHNICIAN
_c
EGLER, L.M
942
_2
udc
_c
BK
999
_c
5833
_d
5833